| 000 | 00852nam a22002417a 4500 | ||
|---|---|---|---|
| 999 |
_c14120 _d14120 |
||
| 003 | MIRAKIL | ||
| 005 | 20211214000618.0 | ||
| 008 | 201019b tu ||||| |||| 00| 0 tur d | ||
| 040 |
_aTR-AnCHP _cTR-AnCHP |
||
| 041 | _atur | ||
| 082 |
_aATA 956.1024092 _bG42k 1976 |
||
| 100 | _aGlasneck, Johannes | ||
| 245 | 1 | 0 |
_aKemal Atatürk ve çağdaş Türkiye / _cJohannes Glasneck ; çeviren Arif Gelen. |
| 260 |
_aAnkara : _bOnur Yayınları, _c1976. |
||
| 300 |
_a332 s. ; _c20 sm. |
||
| 504 | _aKaynakça ve dizin vardır. | ||
| 600 | 1 | 4 |
_91465 _aAtatürk, Gazi Mustafa Kemal _d1881-1938 _xyaşamöyküsü |
| 650 | 0 |
_aSiyaset ve yönetim _xTürkiye _99 |
|
| 650 | 0 |
_9908 _aTürkiye _xTarih _x20.yy |
|
| 700 |
_95299 _aGelen, Arif _eçev. |
||
| 856 | _zDijital Nüshası için Partimizin Kütüphane Sorumlusu ile iletişime geçiniz. | ||
| 942 |
_2ddc _cBKS |
||